Romantika na chate

Bibliographic Details
Main Author: Escott, Jonathan (Author)
Other Authors: Horváth, Fridolín (Translator), Baláž, Jozef (gup)
Format: Article
Language:Slovak
Subjects:

MARC

LEADER 00000nab a2200000 a 4500
001 vtls000168612
003 SK-MaSNL
005 20260303170621.0
008 111104c1983 xo 0 slo
015 |a SNBRB19rr/mm-uuuuu 
035 |a CL0178723 
040 |a SNKBUCL  |b slo  |c SNKBUCL  |e AACR2 
041 0 |a slo 
044 |a xo  |c SK 
080 |a 820-3  |2 1981 
100 1 |a Escott, Jonathan  |4 aut  |9 1194003 
245 1 0 |a Romantika na chate  |c Jonathan Escott ; Frido Horváth, Jozef Baláž 
500 |a V rubrike Poviedka na tento týždeň. 
650 0 7 |a humoristické poviedky  |2 snkbucl  |9 74226 
650 0 7 |a poviedky o láske  |2 snkbucl  |9 902348 
655 7 |a články z novín a časopisov  |2 snkbucl  |9 267496 
655 7 |a články z odboru literárna veda a krásna literatúra  |2 snkbucl  |9 770045 
700 1 |a Horváth, Fridolín  |4 trl  |9 225332 
700 1 |a Baláž, Jozef  |4 gup  |9 303540 
773 0 |t Život  |g Roč. 33, č. 44 (1983), s. 42-43 
850 |a Slovenská národná knižnica v Martine  |a MTA001 
852 |a SNK  |b KIS3GCP 
958 |a RK 
958 |a LX 
992 |a RBX 
999 |c 2078024  |d 2079954